000 00636nam a22001697a 4500
005 20260303155810.0
008 260303b |||||||| |||| 00| 0 eng d
020 _a9789393875365
040 _cVITAP
082 _223
_a294.5924 SRI
100 _aSrinivasan, Raghuvir Ed.
_917196
245 _aShree Jagannatha
_b: Lord of The Universe
_c/ Raghuvir Srinivasan
260 _aChennai
_bTHG Publishing Pvt. Ltd.
_c2024
300 _a139p,ill.: 29cm
650 0 _aOrigin & Mythology, Jagannath Temple, Puri, Rituals & Worship, Rath Yatra (Chariot Festival), Religious Philosophy, Cultural & Historical Impact etc.
_917197
942 _2ddc
_cREF
999 _c47324
_d47324